000 00618nam a2200205Ia 4500
008 241004s9999 xx 000 0 und d
020 _a9780367710316
037 _aTextbook
040 _aARTS
_beng
_cARTS
041 _aeng
_2eng
084 _aD65,8(B)92 R1
_qARTS
100 _aWatkins Marley W. Au.
_9724613
245 _aStep by step guide to exploratory factor analysis with spss
_cWatkins Marley W. Au.
260 _aUSA
_bNew York Routledge
_c2021
300 _axviii,204p.
365 _aUKP
_b39.99
650 _aEngineering
942 _cTB
_hD65,8(B)92 R1
999 _c1218756
_d1218756